000 00497nam a22001817a 4500
005 20250410104307.0
008 250410b |||||||| |||| 00| 0 eng d
020 _a978-032-3761-949
041 _aeng
082 _a615.82
100 _aCAMERON, MICHELLE H.
_98603
245 _aPHYSICAL AGENTS IN REHABILITATION : an evidence-based approach to practice
250 _a6th ed. 2023
260 _aHARYANA
_bELSEVIER
_c2023
300 _a491;P
650 _aPHYSIOTHERAPY [BPT]
_98604
942 _cBK
999 _c8734
_d8732